Pays qui commencent par la lettre K - Statistiques

Statistiques générales
  • Ce quiz a été pris 1 072 fois
    1 061 depuis la dernière actualisation
  • Le résultat moyen est 5 sur 6
Statistiques - réponses
Continent Pays % Correct
Asie Kazakhstan
94%
Europe Kosovo
89%
Afrique Kenya
88%
Asie Kirghizistan
82%
Asie Koweit
80%
Océanie Kiribati
73%
Aucun quiz correspondant
Distribution des résultats
% des personnes avec chaque résultat
Percentile par nombre de réponses
Votre historique - résultats
Vous n’avez pas pris ce quiz depuis la dernière actualisation